[Event "II Criciúma Chess Open - A1700 - 12-18"]
[Site "Criciúma SC"]
[Date "2024.01.12"]
[Round "1.13"]
[White "Jenidarchiche, Douglas Rodrigo"]
[Black "Duarte Napoles, Fanny"]
[Result "0-1"]
[WhiteElo "1845"]
[BlackElo "2220"]
[PlyCount "76"]
[EventDate "2024.01.12"]
[EventRounds "9"]
[EventCountry "BRA"]

1. e4 e6 2. d4 d5 3. Nc3 Bb4 4. exd5 exd5 5. Bd3 Nc6 6. Nge2 Bg4 7. f3 Bh5 ({RR
} 7... Be6 8. O-O Nge7 9. Bf4 Nf5 10. Nb5 Ba5 11. c3 Nce7 12. g4 Nh4 13. Bg3
Nhg6 {1/2-1/2 (13) Zhigalko,S (2689)-Mamedyarov,S (2765) Baku 2011}) ({RR} 7...
Be6 8. O-O Nge7 9. Be3 Bf5 10. Bxf5 Nxf5 11. Qd3 Qd7 12. a3 Bxc3 13. Nxc3 O-O-O
14. Ne2 h5 15. b4 f6 16. Bd2 Rde8 17. b5 Nd8 18. a4 Nf7 19. a5 N7d6 20. b6 a6
21. bxc7 Qxc7 22. Bf4 {Zaytsev,E (1973)-Lugovskoy,M (2417) Sochi RUS 2021 1/
2-1/2 (132)}) 8. Nf4 Bg6 9. Nxg6 hxg6 10. a3 $146 ({RR} 10. Qe2+ Qe7 11. Qxe7+
Ngxe7 12. Be3 Nf5 13. Bxf5 gxf5 14. O-O-O Bxc3 15. bxc3 Na5 16. Rde1 Kd7 17.
Bf4 Rae8 18. Kd1 Re6 19. Rxe6 fxe6 20. Be5 Rh7 21. h4 Nc4 22. Bf4 g6 23. Ke2
Re7 24. Rd1 Kc6 {Higgs,J (1792)-Spanton,T (2020) Hastings 2013 1-0 (45)}) ({RR
} 10. Be3 Qe7 11. Qd2 O-O-O 12. O-O Nh6 13. Rfe1 Qh4 14. Bf2 Qf6 15. a3 Bd6 16.
Ne2 Nf5 17. Bxf5+ gxf5 18. Ng3 Qh4 19. Nxf5 Qxh2+ 20. Kf1 g6 21. Bg1 Qh5 22.
Nxd6+ Rxd6 23. Qf4 Rd7 24. Re2 Nd8 {Sanpera Bonet,J (2140)-Hernando Rodrigo,J 
(2175) Spain 1997 0-1 (34)}) 10... Bd6 11. Qe2+ Kf8 12. Be3 Bg3+ 13. Kd2 Bh4
14. g3 Bf6 15. Qf2 Na5 16. Ne2 c5 17. Nf4 Nc6 18. c3 cxd4 19. cxd4 Nge7 20. b4
Qb6 21. Ne2 Nf5 22. Bxf5 gxf5 23. Rhc1 a5 24. b5 Qxb5 25. Rab1 Qa6 26. Rc5 Rd8
27. Nc3 f4 28. gxf4 Ne7 29. Rc7 Rb8 30. Rb5 Nf5 31. Rbc5 Qe6 32. Nxd5 Bd8 33.
Kd3 Bxc7 34. Nxc7 Qb3+ 35. Rc3 Qd1+ 36. Qd2 Qxf3 37. Kc2 Rh3 38. Qd3 Qxe3 0-1

[Event "II Criciúma Chess Open - A1700 - 12-18"]
[Site "Criciúma SC"]
[Date "2024.01.12"]
[Round "1.14"]
[White "Contin, Daniel"]
[Black "Cardoso, Leandro Ubialli"]
[Result "1-0"]
[WhiteElo "2203"]
[BlackElo "1842"]
[PlyCount "57"]
[EventDate "2024.01.12"]
[EventRounds "9"]
[EventCountry "BRA"]

1. d4 d5 2. c4 c6 3. Nf3 Nf6 4. e3 e6 5. Bd3 dxc4 6. Bxc4 b5 7. Bd3 Nbd7 8. O-O
({RR} 8. e4 h6 9. O-O Bb7 10. e5 Nd5 11. Nc3 N7b6 12. Ne4 a6 13. Bd2 Rc8 14.
Rc1 Na4 15. Rc2 Nb4 16. Bxb4 Bxb4 17. Nc5 Nxc5 18. dxc5 Qd5 19. Qe2 Qxa2 20.
Qe4 a5 21. Qg4 Kf8 22. Be4 Rd8 {Savchenko,S (2473)-Harikrishnan,A (2429) Dhaka
BAN 2021 0-1 (37)}) 8... Bd6 9. a4 b4 10. Nbd2 O-O $146 ({RR} 10... a5 11. Nc4
Bc7 12. b3 O-O 13. Bb2 Bb7 14. Qe2 Nd5 15. Rac1 c5 16. Qc2 f5 17. Rfd1 cxd4 18.
Bxd4 Rc8 19. Qb2 Qe7 20. Nce5 Nc3 21. Re1 Nxe5 22. Nxe5 Rfd8 23. Bc4 Ne4 24.
Red1 Ng5 25. f3 {Maric,A (2400)-Sube,R Aubervilliers 1993 0-1 (43)}) 11. Nc4
Qc7 12. e4 Bf4 13. g3 Bxc1 14. Rxc1 h6 15. Qe2 Nb6 16. e5 Ne8 17. Na5 Bd7 18.
Bb1 Nd5 19. Rc5 Rc8 20. Rfc1 Qb6 21. Qc2 f5 22. exf6 Nexf6 23. Ne5 b3 24. Qe2
Be8 25. Naxc6 Bxc6 26. Nxc6 Rxc6 27. Rxc6 Qxd4 28. Qxe6+ Kh8 29. Rc8 1-0

[Event "II Criciúma Chess Open - A1700 - 12-18"]
[Site "Criciúma SC"]
[Date "2024.01.12"]
[Round "1.15"]
[White "De Oliveira, Jairo Quintiliano"]
[Black "Terao, Juliana Sayumi"]
[Result "0-1"]
[WhiteElo "1840"]
[BlackElo "2198"]
[PlyCount "62"]
[EventDate "2024.01.12"]
[EventRounds "9"]
[EventCountry "BRA"]

1. e4 c5 2. Nf3 e6 3. d4 cxd4 4. Nxd4 a6 5. Nc3 Qc7 6. Bd3 Nc6 7. Nxc6 dxc6 8.
a4 Nf6 9. O-O e5 10. Ne2 $146 ({RR} 10. Kh1 Bc5 11. Qe2 Bd4 12. Nd1 Bg4 13. f3
Be6 14. c3 Ba7 15. Be3 Bxe3 16. Nxe3 O-O 17. a5 Nd7 18. b4 Rfd8 19. g3 Nf8 20.
f4 f6 21. f5 Bf7 22. g4 h6 23. h4 Nh7 24. Rfd1 Qe7 {Antoniewski,R (2430)-Helis,
T (2265) Lubniewice 1998 1-0 (53)}) ({RR} 10. a5 Bb4 11. Bd2 Bxa5 12. Nd5 cxd5
13. Bxa5 b6 14. Bb4 Bb7 15. f3 a5 16. Ba3 O-O-O 17. Qe2 dxe4 18. fxe4 Qc6 19.
b4 Nxe4 20. bxa5 bxa5 21. Rxf7 Nd6 22. Bxd6 Qb6+ 23. Kh1 Rxd6 24. Qxe5 Rhd8 {
Pridorozhni,A (2602)-Shaposhnikov,E (2568) Khanty-Mansiysk RUS 2019 1-0}) ({RR
} 10. f4 Bc5+ 11. Kh1 Ng4 12. Qf3 Qe7 13. Qg3 exf4 14. Bxf4 h5 15. h3 g5 16.
Bc7 Be6 17. Nd5 cxd5 18. exd5 h4 19. Qf3 Qxc7 20. hxg4 O-O-O 21. dxe6 fxe6 22.
Qh3 Rhf8 23. Rf3 Qe5 24. Raf1 Qxb2 {Roofthoofd,M (2262)-Roche Simon,M (2178)
Benidorm 2004 1/2-1/2 (47)}) ({RR} 10. h3 Bc5 11. Qf3 O-O 12. Be3 Bxe3 13. Qxe3
a5 14. f4 exf4 15. Rxf4 Nd7 16. Raf1 Qb6 17. Nd1 Qxe3+ 18. Nxe3 Ne5 19. Nf5 Be6
20. Nd4 Bd7 21. Nb3 b6 22. Nd2 Be6 23. Nf3 Ng6 24. Nd4 Nxf4 {Kottke,M-Melcher,
W (2255) Willsbach 1997 0-1 (55)}) 10... Be6 11. Ng3 O-O-O 12. Qe2 c5 13. Bc4
Bxc4 14. Qxc4 Rd4 15. Qe2 Qc6 16. b3 Nxe4 17. Nf5 Rd8 18. f3 Nf6 19. Qxe5 Re8
20. Qc3 Nd5 21. Qc4 g6 22. Bb2 f6 23. Ng3 Ne3 24. Qf4 Nxf1 25. Kxf1 Bd6 26.
Qxf6 Rhf8 27. Qg5 Bf4 28. Qg4+ Kb8 29. Rd1 Rf7 30. Qh4 Bc7 31. Qc4 Rxf3+ 0-1

[Event "II Criciúma Chess Open - A1700 - 12-18"]
[Site "Criciúma SC"]
[Date "2024.01.12"]
[Round "1.16"]
[White "Rodi, Luis Ernesto"]
[Black "Ribeiro, Dionatan Lua Franze"]
[Result "1-0"]
[WhiteElo "2196"]
[BlackElo "1820"]
[PlyCount "53"]
[EventDate "2024.01.12"]
[EventRounds "9"]
[EventCountry "BRA"]

1. e4 c5 2. Nc3 e6 3. Nf3 a6 4. g3 b5 5. Bg2 Bb7 6. d4 cxd4 7. Nxd4 Qc7 8. O-O
Nf6 9. Re1 d6 10. a4 bxa4 11. Nd5 exd5 12. exd5+ Kd8 13. Bg5 Nbd7 14. Qe2 Kc8
15. c4 $146 ({RR} 15. Ra3 Kb8 16. Rxa4 Nb6 17. Bxf6 gxf6 18. Qe8+ Qc8 19. Qxf7
Qc7 20. Re8+ Bc8 21. Nc6+ Kb7 22. Nd8+ Kb8 23. Rb4 Ra7 24. Qh5 Bg7 25. Nc6+ Kb7
26. Re7 Bd7 27. Rxg7 Raa8 28. Bh3 Kc8 29. Rxb6 Qxb6 {Hartvig,O (2226)-Haubro,M
(1994) Odense 2011 1-0}) ({RR} 15. Ra3 Bxd5 16. Bxd5 Nxd5 17. Qf3 Qb7 18. Re8+
Kc7 19. Rxa8 Qxa8 20. Rc3+ Nc5 21. Qxf7+ Kb6 22. Rf3 Qb7 23. Bd8+ Nc7 24. Rf4
Qc8 25. Qe8 Ka7 26. Rf7 Be7 27. Qxh8 {1-0 (27) Movileanu,D (1825)-Guo,E (1910)
Kemer 2009}) ({RR} 15. Rxa4 Nc5 16. Bxf6 gxf6 17. Qe8+ Qd8 18. Bh3+ f5 19.
Bxf5+ Kc7 20. Qxf7+ Kb8 {1-0 (20) Hagara,E (2373)-Manik,M (2425) Pardubice 2000
}) 15... h6 16. Qe8+ Nxe8 17. Rxe8+ Qd8 18. Bxd8 Be7 19. Rxh8 Bxd8 20. Nf5 Kc7
21. Nxg7 Nc5 22. Ne8+ Kb6 23. Nxd6 Bf6 24. Rxa8 Bxa8 25. Rb1 Nd3 26. Ne4 Bxb2
27. Bf1 1-0

[Event "II Criciúma Chess Open - A1700 - 12-18"]
[Site "Criciúma SC"]
[Date "2024.01.12"]
[Round "1.17"]
[White "Spritzer, Abrao Rafael"]
[Black "Caetano, Ryan Wesley Da Cost"]
[Result "0-1"]
[WhiteElo "1811"]
[BlackElo "2184"]
[PlyCount "66"]
[EventDate "2024.01.12"]
[EventRounds "9"]
[EventCountry "BRA"]

1. e4 c5 2. c3 Nf6 3. e5 Nd5 4. d4 cxd4 5. cxd4 d6 6. Nf3 Nc6 7. exd6 Qxd6 8.
Nc3 Bg4 9. Be2 e6 10. O-O Be7 11. Re1 ({RR} 11. Be3 O-O 12. Qb3 Rfd8 13. Rac1
Rab8 14. Rfd1 Nf4 15. Bxf4 Qxf4 16. d5 Bxf3 17. Bxf3 Nd4 18. Rxd4 Qxc1+ 19. Rd1
Qh6 20. Re1 e5 21. g3 Bd6 22. Qc2 Rbc8 23. Kg2 Bb4 24. Rxe5 Bxc3 25. bxc3 Qf6 {
Mamedov,R (2627)-Avrukh,B (2656) Cala Mayor 2008 1/2-1/2 (33)}) 11... O-O 12.
Ne5 ({RR} 12. Ne4 Qc7 13. a3 Qb6 14. Nc3 Bf6 15. Na4 Qc7 16. Be3 Rfd8 17. Rc1
Nf4 18. Qd2 Nxe2+ 19. Qxe2 Bxf3 20. Qxf3 Bxd4 21. Bxd4 Rxd4 22. Nc5 Rd5 23. Ne4
Qb6 24. Qg3 Qxb2 25. Rc3 Rf5 26. Qe3 Rd8 {Moik,F (1934)-Horvath,D (1808) Bad
Gleichenberg 2014 0-1 (36)}) 12... Bxe2 13. Rxe2 Rad8 $146 ({RR} 13... Rac8 14.
Nxd5 Qxd5 15. Be3 Rfd8 16. Nxc6 Rxc6 17. a3 f5 18. Rc1 Bf6 19. Rxc6 bxc6 20.
Rd2 Qe4 21. Qc2 Qd5 22. f4 a5 23. Kf2 Rb8 24. Rd3 Kf7 25. b3 Qe4 26. Qd1 g6 27.
Rd2 Be7 28. a4 {Boskovic,M-Meyer,E New York,NY 1979 0-1 (54)}) ({RR} 13... Rfd8
14. Nxc6 Qxc6 15. Rc2 Nb4 16. Re2 Rac8 17. Be3 Qa6 18. Rd2 Nd5 19. Qb3 Rc4 20.
Rad1 Rb4 21. Qc2 f5 22. Nxd5 Rxd5 23. a3 Rc4 24. Qb3 Qc6 25. Qd3 b5 26. Qe2 a5
27. h3 b4 28. a4 {Ankerst,M (2134)-Strutinskaya,G (2281) Germany 2010 0-1 (61)}
) 14. Nxc6 Qxc6 15. Qb3 Bf6 16. Be3 Bxd4 17. Nb5 Bxe3 18. fxe3 Qc5 19. Kh1 Nf6
20. Nc3 Rd7 21. Rf1 Rfd8 22. e4 Qe5 23. Qa4 a6 24. Qc2 b5 25. a3 h5 26. g3 a5
27. Qb3 Rb8 28. Qc2 Rd4 29. Rfe1 Rc8 30. Qb1 Ng4 31. Rd1 b4 32. Rxd4 Qxd4 33.
Nd1 Rd8 0-1

[Event "II Criciúma Chess Open - A1700 - 12-18"]
[Site "Criciúma SC"]
[Date "2024.01.12"]
[Round "1.18"]
[White "Federzoni, Enzo"]
[Black "Silva, Juliana Figueira Th"]
[Result "1/2-1/2"]
[WhiteElo "2170"]
[BlackElo "1747"]
[PlyCount "63"]
[EventDate "2024.01.12"]
[EventRounds "9"]
[EventCountry "BRA"]

1. e4 c5 2. Nf3 d6 3. d4 cxd4 4. Nxd4 Nf6 5. Nc3 a6 6. Bg5 Nbd7 7. Qe2 Qc7 8.
O-O-O e6 9. f4 Be7 10. g4 b5 11. a3 Rb8 ({RR} 11... Bb7 12. Bh4 h6 13. g5 hxg5
14. Bxg5 Rc8 15. h4 Qa5 16. Rh3 Rxc3 17. Rxc3 Nxe4 18. Re3 d5 19. Bh3 Qb6 20.
Bxe7 Kxe7 21. Qe1 g6 22. Qg1 Kf8 23. Bxe6 fxe6 24. Qxg6 Ndf6 25. Rxe4 Nxe4 26.
f5 {Xiong,J (2691)-Donchenko,A (2615) Biel SUI 2019 1-0}) ({RR} 11... Bb7 12.
Bh4 Nb6 13. g5 Nfd7 14. f5 e5 15. Nb3 Nc4 16. Rd3 O-O-O 17. Bh3 f6 18. Rg1 fxg5
19. Bxg5 Bxg5+ 20. Rxg5 Nf6 21. Rg1 Kb8 22. Rgd1 Bc6 23. Kb1 Ka8 24. Bg2 Rb8
25. Nd2 Rhd8 26. Nb3 {Perez Rodriguez,L (2324)-Bach,N (2198) chess.com INT
2021 1-0 (38)}) 12. Bg2 Bb7 13. Bxf6 $146 ({RR} 13. Kb1 Nb6 14. e5 dxe5 15.
fxe5 Nfd5 16. Nxd5 Nxd5 17. Bxd5 Bxd5 18. Bxe7 Qxe7 19. Nf5 exf5 20. Rxd5 fxg4
21. Qxg4 O-O 22. Rg1 g6 23. Qd7 Qxd7 24. Rxd7 Rfd8 {1/2-1/2 (24) Dmochowska,A 
(2234)-Chojnowski,M (2070) Suwalki 2017}) ({RR} 13. Bh4 g6 14. f5 e5 15. Nb3
Nb6 16. Rhf1 O-O 17. Be1 Nc4 18. Rd3 Ba8 19. Rh3 a5 20. g5 Nd7 21. f6 Bd8 22.
Qg4 Re8 23. Qh4 h5 24. Bf3 Ne3 25. Rf2 Nxf6 26. gxf6 Re6 27. Bxh5 Bxf6 {
Malevinsky,A (2460)-Zhelnin,V (2355) Kazan (Russia) 1980 1-0 (32)}) 13... Bxf6
14. f5 Nc5 15. h4 h6 16. Kb1 Ba8 17. g5 Bxd4 18. Rxd4 e5 19. Rdd1 b4 20. axb4
Rxb4 21. Qd2 Qb6 22. Qxd6 Rxb2+ 23. Kc1 Qxd6 24. Rxd6 Rb8 25. Rhd1 hxg5 26.
hxg5 Rc8 27. Nd5 Nb3+ 28. Kb2 Nd4 29. c3 Nb5 30. Rxa6 Bxd5 31. Rxd5 Rb8 32.
Rxe5+ 1/2-1/2

[Event "II Criciúma Chess Open - A1700 - 12-18"]
[Site "Criciúma SC"]
[Date "2024.01.12"]
[Round "1.19"]
[White "Woichinevski, Joao Vinicius Peru"]
[Black "Librelato, Kathie Goulart"]
[Result "1/2-1/2"]
[WhiteElo "1747"]
[BlackElo "2170"]
[PlyCount "83"]
[EventDate "2024.01.12"]
[EventRounds "9"]
[EventCountry "BRA"]

1. Nf3 d5 2. d4 Nf6 3. c4 e6 4. g3 dxc4 5. Qa4+ Nbd7 6. Qxc4 a6 7. a4 c5 ({RR} 
7... b5 8. axb5 axb5 9. Rxa8 bxc4 10. Bg2 Nb6 11. Rb8 Nfd7 12. Rxc8 Qxc8 13.
O-O Be7 14. Nc3 O-O 15. e4 c5 16. d5 exd5 17. exd5 Nf6 18. Rd1 Bd6 19. Bg5 Qf5
20. Bxf6 Qxf6 21. Nb5 Rd8 22. Re1 {Zainullina,N (2099)-Xu Yuanyuan (2317)
chess.com INT 2022 0-1 (33)}) 8. dxc5 Bxc5 9. Bg2 b5 10. Qb3 $146 ({RR} 10. Qc2
Bb7 11. axb5 axb5 12. Rxa8 Qxa8 13. Nbd2 O-O 14. O-O Rc8 15. Qd3 Bxf2+ 16. Rxf2
Rxc1+ 17. Rf1 Qa7+ 18. e3 Rxf1+ 19. Nxf1 Qc5 20. Qd2 e5 21. Qa5 g6 22. b4 Qc6
23. Ne1 e4 24. Qd8+ Kg7 {Vereggen,L (2057)-Goudriaan,E (2321) Utrecht 2012 0-1
(73)}) ({RR} 10. Qc2 Bb7 11. O-O O-O 12. Bg5 Rc8 13. Qd2 h6 14. Bxf6 Nxf6 15.
axb5 axb5 16. Qa5 Qb6 17. b4 Qxa5 18. Rxa5 Be7 19. Rxb5 Ba6 20. Rb6 Bxe2 21.
Re1 Nd5 22. Rb7 Ba6 23. Ra7 Bxb4 24. Nbd2 Bd3 {Beliakova,I (1699)-Semenova,E 
(2238) Khanty-Mansiysk RUS 2019 0-1 (33)}) 10... Bb7 11. axb5 Bd5 12. Qd1 axb5
13. Rxa8 Qxa8 14. Nc3 Bc6 15. O-O O-O 16. b3 Rd8 17. Qc2 Rc8 18. Qd1 h6 19. Bb2
b4 20. Na4 Bxa4 21. bxa4 Nb6 22. Bxf6 gxf6 23. Qa1 Be7 24. a5 Nc4 25. Rc1 Nxa5
26. Rxc8+ Qxc8 27. Qxa5 Qc1+ 28. Bf1 b3 29. Nd2 b2 30. e3 f5 31. Kg2 Qc2 32.
Bc4 b1=Q 33. Nxb1 Qe4+ 34. Kg1 Qxb1+ 35. Bf1 Bb4 36. Qd8+ Kg7 37. Qd4+ Kg8 38.
Qf6 Bf8 39. h3 Qd1 40. Qe5 Bd6 41. Qf6 Bf8 42. Qh4 1/2-1/2

[Event "II Criciúma Chess Open - A1700 - 12-18"]
[Site "Criciúma SC"]
[Date "2024.01.12"]
[Round "1.20"]
[White "Labussiere, Yago"]
[Black "Gomes, Maria Eduarda Papin"]
[Result "1-0"]
[WhiteElo "2167"]
[BlackElo "1744"]
[PlyCount "107"]
[EventDate "2024.01.12"]
[EventRounds "9"]
[EventCountry "BRA"]

1. d4 d5 2. c4 e6 3. Nf3 c5 4. e3 Nc6 5. Nc3 Nf6 6. a3 Be7 7. dxc5 Bxc5 8. b4
Bb6 9. Bb2 O-O 10. Bd3 ({RR} 10. Qc2 Bd7 11. Na4 Rc8 12. Nxb6 axb6 13. Qb3 Qe7
14. cxd5 exd5 15. Be2 Be6 16. Qd3 Ne4 17. O-O Nd6 18. b5 Na5 19. Bc3 Nac4 20.
Bb4 Rfd8 21. a4 Qe8 22. Ng5 Bf5 23. Qxd5 Bg6 24. Bxc4 Nxc4 {Vaisser,A (2513)
-Miralles,G (2477) France 2009 1/2-1/2 (36)}) ({RR} 10. c5 Bc7 11. Bb5 e5 12.
O-O e4 13. Bxc6 bxc6 14. Nd2 Bxh2+ 15. Kxh2 Ng4+ 16. Kg3 Qg5 17. Ncxe4 dxe4 18.
Nxe4 Qg6 19. Qd4 Nf6+ 20. Kh2 Qxe4 21. Qd6 Ba6 22. Rfd1 Ng4+ 23. Kg3 Nh6 24.
Kh2 Qg6 {Duero,L (1841)-Freiherr von Hauff,C (1868) Braunschweig GER 2019 1/
2-1/2 (85)}) 10... d4 $146 ({RR} 10... dxc4 11. Bxc4 Qe7 12. O-O e5 13. Nd5
Nxd5 14. Bxd5 Bg4 15. h3 Bxf3 16. Qxf3 Rad8 17. Rac1 Rd6 18. Bxc6 bxc6 19. Rxc6
Rfd8 20. Rxd6 Qxd6 21. Qe4 f6 22. Rc1 Qd2 23. Qc4+ Kf8 24. Qc2 Kf7 25. Bc3 {
Morrison,J-Tennenwurzel,E New York,NY 1913 0-1 (38)}) ({RR} 10... dxc4 11. Bxc4
Qe7 12. O-O Rd8 13. Qc2 Bd7 14. Ne4 Nxe4 15. Qxe4 Rac8 16. Rac1 Bc7 17. Rfd1 e5
18. h4 h6 19. g4 Be6 20. Rxd8+ Rxd8 21. Bxe6 fxe6 22. b5 Na5 23. Nxe5 Qxh4 24.
Nf3 Qe7 25. Nd4 {De Groot,P-De Haan,E Utrecht 1990 1-0 (39)}) ({RR} 10... dxc4
11. Bxc4 Qe7 12. O-O e5 13. Nd5 Nxd5 14. Bxd5 e4 15. Nd4 Nxd4 16. Bxd4 Rd8 17.
Bxb6 axb6 18. Qb3 Bg4 19. Qc4 Bf5 20. Rfd1 Kf8 21. Qb5 Qe5 22. a4 Bg4 23. Rd4
Rd6 24. h3 Bd7 25. Qc4 {Berezovics,A (2355)-Fedoseev,V Ekaterinburg 1996 0-1 
(35)}) 11. exd4 Nxd4 12. c5 Nxf3+ 13. Qxf3 Bc7 14. O-O-O Qe7 15. Nb5 Nd5 16.
Rhe1 Qg5+ 17. Kb1 Bb8 18. Bc1 Qf6 19. Be4 Qxf3 20. Bxf3 a5 21. Bd2 Bd7 22. Bxd5
exd5 23. Nd4 Ba4 24. Rc1 axb4 25. axb4 f6 26. f4 Re8 27. Kb2 Bd7 28. Rxe8+ Bxe8
29. g3 Kf7 30. Kb3 Ba4+ 31. Kb2 Bd7 32. Re1 Bc7 33. Kb3 Ba4+ 34. Kc3 Bd7 35.
Kb3 Ba4+ 36. Kb2 Bd7 37. Bc3 h6 38. Bd2 Bd8 39. Re3 Bc7 40. Ra3 Rxa3 41. Kxa3
Kg6 42. b5 Kf7 43. Kb4 Ke7 44. Be3 Kd8 45. c6 bxc6 46. bxc6 Bd6+ 47. Kb5 Be8
48. Ne6+ Kc8 49. Nxg7 Bg6 50. f5 Bf7 51. Ne6 Bh5 52. Bd4 Be5 53. Kc5 Bb8 54.
Kxd5 1-0

[Event "II Criciúma Chess Open - A1700 - 12-18"]
[Site "Criciúma SC"]
[Date "2024.01.12"]
[Round "1.21"]
[White "Pereira, Marcelo Do Carmo"]
[Black "Bueno, Alfeu Junior Varela"]
[Result "0-1"]
[WhiteElo "1742"]
[BlackElo "2156"]
[PlyCount "66"]
[EventDate "2024.01.12"]
[EventRounds "9"]
[EventCountry "BRA"]

1. e4 e6 2. d4 d5 3. Nd2 Nf6 4. e5 Nfd7 5. Bd3 c5 6. c3 Nc6 7. Ne2 cxd4 8. cxd4
f6 9. exf6 Nxf6 10. O-O Bd6 11. Nf3 Qc7 12. Nc3 a6 13. Re1 O-O 14. a3 ({RR} 14.
Bc2 Bd7 15. Bg5 Ng4 16. Ne5 Ngxe5 17. dxe5 Bxe5 18. Qh5 g6 19. Qh4 Nd4 20. Bd3
Bg7 21. Re3 Nf5 22. Bxf5 Rxf5 23. g4 Rf7 24. Rh3 Bd4 25. Be3 Bxe3 26. fxe3 Raf8
27. Rd1 Qc4 28. g5 Rf1+ {Donovan,L (2200)-Dgebuadze,A (2516) Gent 2009 0-1}) ({
RR} 14. Bd2 h6 15. Rc1 Ng4 16. h3 Bh2+ 17. Kf1 Nxf2 18. Kxf2 Qg3+ 19. Kf1 e5
20. Re2 Rxf3+ {0-1 (20) Mak,B-Rogacewicz,M (1921) London ENG 2019}) 14... Bd7
15. Bc2 b5 16. Bg5 $146 ({RR} 16. Qd3 b4 17. Bg5 bxc3 18. Bxf6 g6 19. Be5 cxb2
20. Bxd6 bxa1=Q 21. Bxc7 Rxf3 22. Rxa1 Rxd3 23. Bxd3 Nxd4 24. Be5 Nc6 25. Bd6
e5 26. f3 Kf7 27. Re1 Kf6 28. g4 h6 29. h4 a5 30. Kf2 Re8 {Nielsen,M (2077)
-Kristjansson,S (2278) Copenhagen 1999 0-1 (40)}) 16... b4 17. axb4 Nxb4 18.
Bb1 Ng4 19. h3 Bh2+ 20. Kf1 Nxf2 21. Kxf2 Qg3+ 22. Ke3 Qxg2 23. Qe2 Rxf3+ 24.
Qxf3 Bg1+ 25. Rxg1 Qxg1+ 26. Ke2 Qxg5 27. Ra5 Qh4 28. Rc5 Qxd4 29. Rc7 Qe5+ 30.
Ne4 Qxc7 31. Nf6+ gxf6 32. Qxf6 Qh2+ 33. Ke3 Qg1+ 0-1

[Event "II Criciúma Chess Open - A1700 - 12-18"]
[Site "Criciúma SC"]
[Date "2024.01.12"]
[Round "1.22"]
[White "Silva, Kaua Marques"]
[Black "Dias, Clara"]
[Result "1-0"]
[WhiteElo "2142"]
[BlackElo "1717"]
[PlyCount "69"]
[EventDate "2024.01.12"]
[EventRounds "9"]
[EventCountry "BRA"]

1. e4 c5 2. Nf3 d6 3. c3 Nf6 4. Be2 Bd7 5. d3 Nc6 6. O-O e6 ({RR} 6... e5 7. a3
Be7 8. b4 O-O 9. b5 Nb8 10. c4 a6 11. Nc3 axb5 12. cxb5 h6 13. a4 Be6 14. Nd2
Nbd7 15. Nc4 Nb6 16. Bd2 d5 17. Nxe5 d4 18. Nb1 c4 19. dxc4 Nxe4 20. Bf3 Nc5
21. Bb4 {Aronian,L (2782)-Dubov,D (2714) chess.com INT 2021 1-0 (63)}) 7. Re1
Be7 8. Bf1 O-O 9. a3 $146 ({RR} 9. d4 cxd4 10. cxd4 d5 11. e5 Ne4 12. Nbd2 Nxd2
13. Bxd2 Rc8 14. a3 Qb6 15. Bc3 Na5 16. Nd2 Bb5 17. Rc1 Bxf1 18. Rxf1 Nc4 19.
Rc2 Rc6 20. Qa1 Rfc8 21. Rfc1 Nxd2 22. Rxd2 Bg5 23. Rd3 Bxc1 {Filippov,A (1694)
-Petrovichev,A (1855) Novokuznetsk 2014 0-1 (44)}) ({RR} 9. d4 d5 10. e5 Ne8
11. dxc5 Bxc5 12. b4 Be7 13. b5 Na5 14. Nd4 Rc8 15. Bd3 g6 16. Re3 Ng7 17. Rh3
f5 18. Qd2 g5 19. Rh6 Nc4 20. Qe2 Be8 21. Rxe6 Bh5 22. Qe1 Nxe6 23. Nxe6 Qb6 {
Tekeyev,Z (2306)-Galstian,A (2064) Stavropol 2014 1-0 (45)}) ({RR} 9. d4 cxd4
10. cxd4 Rc8 11. Nc3 a6 12. h3 h6 13. Be3 d5 14. e5 Nh7 15. Qd2 b5 16. a3 Rb8
17. b4 Rc8 18. Rab1 Rc7 19. Nh2 Qc8 20. Rec1 Qb7 21. Rb3 Rfc8 22. Ne2 Ng5 23.
Bxg5 Bxg5 {Begeluri,N (1167)-Mueller,T (1493) Willingen 2005 1-0 (82)}) 9... a5
10. d4 a4 11. dxc5 dxc5 12. Bf4 Na5 13. Nbd2 b6 14. Ne5 Be8 15. Qc2 Nh5 16. Be3
Qc7 17. Nec4 Nxc4 18. Bxc4 Bc6 19. Qd1 Nf6 20. Qf3 Bd6 21. h3 Rfd8 22. Rad1 h6
23. Bxh6 Be5 24. Bg5 b5 25. Bd3 Rd7 26. Bc2 Rad8 27. Qe3 Qa7 28. f4 Bc7 29. e5
Nd5 30. Qg3 c4+ 31. Kh2 Qb6 32. Qh4 f6 33. Qh7+ Kf8 34. Nf3 fxg5 35. Qh8+ 1-0

[Event "II Criciúma Chess Open - A1700 - 12-18"]
[Site "Criciúma SC"]
[Date "2024.01.12"]
[Round "1.23"]
[White "Cardoso, Lucas Emanuel Alves"]
[Black "Borges, Guilherme Deola"]
[Result "0-1"]
[WhiteElo "1710"]
[BlackElo "2142"]
[PlyCount "84"]
[EventDate "2024.01.12"]
[EventRounds "9"]
[EventCountry "BRA"]

1. e4 c5 2. Nf3 e6 3. d4 cxd4 4. Nxd4 Nc6 5. Nxc6 bxc6 6. c4 Nf6 7. Nc3 Bb4 8.
Bd3 e5 9. O-O d6 10. Kh1 ({RR} 10. Na4 O-O 11. a3 Ba5 12. b4 Bc7 13. Bg5 h6 14.
Bh4 Qe7 15. Rc1 Be6 16. Kh1 g5 17. Bg3 Rad8 18. Qe2 Nd7 19. b5 Nc5 20. Nxc5
dxc5 21. f3 f6 22. Bf2 Bb6 23. Rfd1 Qc7 24. a4 Rf7 {Navara,D (2734)-Grachev,B 
(2621) Riga LAT 2019 1-0 (78)}) ({RR} 10. h3 Bc5 11. Re1 O-O 12. Be3 Bxe3 13.
Rxe3 Be6 14. Be2 Qc7 15. b3 Rfd8 16. Rd3 a5 17. Bf3 Ne8 18. Qd2 Rdb8 19. Bg4
Qc8 20. Qe2 g6 21. Bxe6 Qxe6 22. Rad1 Rb4 23. Qe3 Qe7 24. c5 dxc5 {Karim,I 
(2351)-Fier,A (2564) chess.com INT 2021 0-1 (41)}) 10... O-O 11. f4 $146 ({RR} 
11. Bg5 h6 12. Bh4 Be6 13. Bg3 Bxc3 14. bxc3 Qa5 15. Qe1 Nd7 16. f4 exf4 17.
Bxf4 Ne5 18. Be2 Qc5 19. Qg3 Kh7 20. Be3 Qa5 21. c5 f6 22. Bd4 Bc4 23. Bxc4
Nxc4 24. cxd6 Qa3 25. e5 Nxe5 {Belenkaya,D (2024)-Zhukov,K (2259) St
Petersburg 2009 1-0 (33)}) 11... Ng4 12. Qf3 exf4 13. Bxf4 Ne5 14. Qg3 Bxc3 15.
bxc3 c5 16. Rad1 f6 17. Be2 Qe7 18. Bxe5 dxe5 19. Bg4 Bxg4 20. Qxg4 Rfd8 21.
Rd5 Rxd5 22. cxd5 Rb8 23. h3 Rb6 24. Rd1 Qc7 25. h4 g6 26. h5 g5 27. Qf3 c4 28.
Qg4 Kg7 29. Qf5 Qf7 30. Qh3 Qe7 31. h6+ Kg6 32. Kh2 Qf8 33. Qf5+ Kxh6 34. Kg3
Kg7 35. Rh1 h6 36. Qh3 f5 37. Rd1 fxe4 38. Qd7+ Qf7 39. Qxf7+ Kxf7 40. Kf2 Ke7
41. Rd2 Rb1 42. d6+ Kd7 0-1

[Event "II Criciúma Chess Open - A1700 - 12-18"]
[Site "Criciúma SC"]
[Date "2024.01.12"]
[Round "1.24"]
[White "Burgos, Marcelo Alves"]
[Black "Mariano, Kaiki Pereira"]
[Result "1-0"]
[WhiteElo "2130"]
[BlackElo "1700"]
[PlyCount "83"]
[EventDate "2024.01.12"]
[EventRounds "9"]
[EventCountry "BRA"]

1. d4 Nf6 2. c4 e6 3. g3 d5 4. Bg2 Bb4+ 5. Nd2 O-O 6. Ngf3 b6 7. O-O Bb7 8. a3
Be7 9. cxd5 exd5 10. b4 ({RR} 10. b3 Nbd7 11. Bb2 Bd6 12. Ne5 Re8 13. Ndc4 Ne4
14. Nxd6 cxd6 15. Nd3 Ndf6 16. Rc1 Qd7 17. Rc2 a5 18. f3 Ng5 19. Qd2 Ne6 20.
Rb1 {1/2-1/2 (20) Li,E (2402)-Nagy,G (2531) New York USA 2022}) 10... Nbd7 ({RR
} 10... a5 11. b5 c6 12. bxc6 Nxc6 13. Bb2 b5 14. e3 a4 15. Qb1 Qb6 16. Rc1
Rfc8 17. Ne5 h6 18. Bc3 Rc7 19. Qb2 Rac8 20. Bf1 Ba6 21. Nxc6 Rxc6 22. Nf3 Ne4
23. Bb4 Bxb4 24. axb4 f6 25. Rc5 {So,W (2780)-Vidit,S (2718) chess.com INT
2018 1-0 (48)}) 11. Qb3 Re8 $146 ({RR} 11... c6 12. Re1 a5 13. Bb2 a4 14. Qc2
c5 15. bxc5 bxc5 16. Rab1 Qa5 17. dxc5 Qxc5 18. Qf5 Ba6 19. Nd4 Rfc8 20. Qg5 h6
21. Qh4 Bf8 22. g4 Rab8 23. Nf5 Qc2 24. Bxf6 Nxf6 25. Nxh6+ gxh6 26. Qxf6 {
Kortschnoj,V (2585)-Ulybin,M (2585) Mesa 1992 1/2-1/2 (57)}) 12. Bb2 Bd6 13. e3
a5 14. b5 Nf8 15. a4 Ng6 16. Ba3 Qe7 17. Bxd6 Qxd6 18. Rac1 Rac8 19. Bh3 Rb8
20. Rc2 Bc8 21. Rc6 Qd8 22. Bxc8 Rxc8 23. Rfc1 Re6 24. h4 Rxc6 25. Rxc6 h6 26.
Qc2 Nd7 27. Nf1 Nb8 28. Rc3 Qd6 29. N1h2 c5 30. bxc6 Rxc6 31. Ng4 Rxc3 32. Qxc3
Qc6 33. Qb3 Qe6 34. Nge5 Nxe5 35. Nxe5 f6 36. Ng6 Qd6 37. Nf4 Nd7 38. Nxd5 Kf8
39. Nf4 Ke8 40. h5 Qb4 41. Qc2 b5 42. Qc8+ 1-0